Project video 1 : activity book /
Communication. My world. An English city. Time. People at work. Animals. Health. Space.
Guardado en:
| Autor principal: | |
|---|---|
| Formato: | Libro |
| Lenguaje: | English |
| Publicado: |
Oxford :
Oxford University Press,
1989.
|
| Materias: | |
| Etiquetas: |
Agregar Etiqueta
Sin Etiquetas, Sea el primero en etiquetar este registro!
|
| Thư viện lưu trữ: | Mạng thư viện Đại học Đà Nẵng |
|---|
| LEADER | 01150nam a2200325 a 4500 | ||
|---|---|---|---|
| 001 | 000042023 | ||
| 003 | 7341 | ||
| 005 | 20201030140115.0 | ||
| 008 | 171030s1989 | ||
| 020 | |a 0194584135 | ||
| 040 | |a lnn |c lnn |d lnn | ||
| 041 | 0 | |a eng | |
| 082 | 1 | 4 | |a 428.6 |b HU-T |
| 100 | 1 | |a Hutchinson, Tom. | |
| 245 | 0 | 0 | |a Project video 1 : |b activity book / |c written and presented by Tom Hutchinson. |
| 260 | |a Oxford : |b Oxford University Press, |c 1989. | ||
| 300 | |a 78 p. ; |c 27.5cm. | ||
| 520 | 3 | |a Communication. My world. An English city. Time. People at work. Animals. Health. Space. | |
| 630 | 0 | 4 | |a English language. |
| 650 | 0 | 4 | |a English language |x Study and teaching (Elementary) |
| OWN | |a LNN | ||
| 902 | |a TKA | ||
| AVA | |a UDN50 |b LNN |c English |d 428.6 HU-T |e available |t Error 5001 Not defined in file expand_doc_bib_avail. |f 1 |g 0 |h N |i 0 |j AN |k 1 | ||
| 999 | |a From the UDN01 | ||
| AVA | |a UDN50 |b LNN |c English |d 428.6 HU-T |e available |t Error 5001 Not defined in file expand_doc_bib_avail. |f 1 |g 0 |h N |i 0 |j AN |k 1 | ||
| TYP | |a Monograph | ||
| TYP | |a Printed language | ||
| 980 | |a Mạng thư viện Đại học Đà Nẵng | ||


